| 000 | 00832aam a2200277 4500 | ||
|---|---|---|---|
| 005 | 20161109113704.0 | ||
| 008 | 150526b xxu||||| |||| 00| 0 spa d | ||
| 041 | _aEspañol | ||
| 082 | _a914.728.6 B499p | ||
| 100 |
_aBergoeing G., Jean Pierre _917834 |
||
| 100 |
_aBrenes Q., Luis Guillermo _917835 |
||
| 245 | _aPráctica de la Geografia | ||
| 260 |
_aCosta Rica _bTecnológica de Costa Rica _c2007 |
||
| 300 | _a362 páginas | ||
| 650 |
_aCOSTA RICA _930671 |
||
| 650 |
_aGEOGRAFÍA _91138 |
||
| 650 |
_aHIDROLOGÍA _917837 |
||
| 650 |
_aORDENAMIENTO TERRITORIAL _917838 |
||
| 650 |
_aCARTOGRAFÍA _98962 |
||
| 650 |
_aGEOGRAFÍA FÍSICA _91769 |
||
| 650 |
_aGEOGRAFÍA HUMANA _91770 |
||
| 650 |
_aGEOMORFOLOGÍA _917839 |
||
| 650 |
_aPROBLEMAS AMBIENTALES _930672 |
||
| 650 |
_aDINÁMICA COSTERA _917841 |
||
| 942 | _cBK | ||
| 999 |
_c2276 _d2276 |
||